Statistics for Biggest Cities with Republican Mayors

Click here to take the quiz!

General Stats

  • This quiz has been taken 170 times
  • The average score is 6 of 14

Answer Stats

PopulationU.S. CityMayor% Correct
892,062JacksonvilleLenny Curry
71%
643,648Oklahoma CityDavid Holt
67%
463,347MiamiFrancis X. Suarez
64%
1,419,516San DiegoKevin Faulconer
59%
683,587El PasoDee Margo
48%
401,800TulsaG.T. Bynum
48%
466,893OmahaJean Stothert
43%
874,168Fort WorthBetsy Price
40%
527,438FresnoLee Brand
30%
450,435Virginia BeachLouis Jones
30%
464,474Colorado SpringsJohn Suthers
29%
390,591WichitaJeff Longwell
29%
496,401MesaJohn Giles
21%
396,394ArlingtonJeff Williams
18%

Score Distribution

Percentile by Number Answered

Percent of People with Each Score

Your Score History

You have not taken this quiz